000 00430nam a22001697a 4500
999 _c5454
_d5454
003 OSt
005 20220414113200.0
008 220414b ||||| |||| 00| 0 eng d
020 _a-
040 _cALUPE UNIVERSITY
050 _aR15
_b.A48 1996 VOL275
100 _a-
245 _aJAMA The journal of the American Medical Association
250 _a-
260 _aAmerica
_bJama & Archives Journals
_cc1996
942 _2lcc
_cBK
_nmm